00534nam a22001572 4500001001100000005001700011008004100028040001500069245013800084250001300222260003200235300002000267600002900287651005700316852000300373000001167420151217155845.0081222s xx 000 0 eng d aKABUcKABU10aEmin Pasha in Central Africa :bbeing a collection of his letters and journals /cedited and annotated by G. Schweinfurth ...[et al] a1st ed. aLondon :bG. Philip,c1888. axxviii, 547 p.10aPasha, Emin.@0000167636 0aAfrica, CentralxDescription and travel.@00001486741